One more moment / Samantha Chase.
Record details
- ISBN: 9781492616467
- ISBN: 149261646X
- Physical Description: 333 pages ; 17 cm.
Content descriptions
| General Note: | When Charlotte Clark offers to pay for Julian Grayson's coffee, the world-famous drummer assumes she wants something from him. But Charlotte has no idea who he is, and Julian can't resist keeping up the charade?being incognito is a novelty and a relief. He'll have to tell her...eventually. But as Charlotte cheerfully undertakes to transform his life, Julian realizes there's something about her that gives him what he hasn't felt in years: hope. |
Search for related items by subject
| Subject: | Musicians > Fiction. Family-owned business enterprises > Fiction. |
| Genre: | Romance fiction. |
Search for related items by series
| LDR | 01471cam a2200301M 4500 | ||
|---|---|---|---|
| 001 | 148130 | ||
| 003 | CONS | ||
| 005 | 20180926090616.0 | ||
| 008 | 180710s2018 xx 000 0 eng d | ||
| 020 | . | ‡a9781492616467 ‡q(paperback) | |
| 020 | . | ‡a149261646X ‡q(paperback) | |
| 035 | . | ‡a(CPomAG)LMN607944 | |
| 100 | 1 | . | ‡aChase, Samantha, ‡eauthor. |
| 245 | 1 | 0. | ‡aOne more moment / ‡cSamantha Chase. |
| 264 | . | ‡aNaperville, Ilinois: ‡bSourcebooks Casablanca, ‡c©2018. | |
| 300 | . | ‡a333 pages ; ‡c17 cm. | |
| 336 | . | ‡atext ‡btxt ‡2rdacontent | |
| 337 | . | ‡aunmediated ‡bn ‡2rdamedia | |
| 338 | . | ‡avolume ‡bnc ‡2rdacarrier | |
| 490 | 1 | . | ‡aShaughnessy brothers ; ‡v3. |
| 500 | . | ‡aWhen Charlotte Clark offers to pay for Julian Grayson's coffee, the world-famous drummer assumes she wants something from him. But Charlotte has no idea who he is, and Julian can't resist keeping up the charade?being incognito is a novelty and a relief. He'll have to tell her...eventually. But as Charlotte cheerfully undertakes to transform his life, Julian realizes there's something about her that gives him what he hasn't felt in years: hope. | |
| 650 | 0. | ‡aMusicians ‡vFiction. | |
| 650 | 0. | ‡aFamily-owned business enterprises ‡vFiction. | |
| 655 | 7. | ‡aRomance fiction. ‡2lcgft | |
| 800 | 1 | . | ‡aChase, Samantha. ‡tShaughnessy brothers ; ‡v3. |
| 914 | . | ‡aSCP_kt ‡dLMN_cm | |
| 959 | . | ‡i32269001075277 ‡lF Cha ‡aAdult - Fiction ‡tFiction ‡g8.00 | |
| 852 | . | ‡p32269001075277 ‡jF Cha ‡gAdult - Fiction ‡cFiction ‡y8.00 ‡bSBPL | |
| 901 | . | ‡a148130 ‡bUnknown ‡c148130 ‡tbiblio | |